000 00354nam a2200133Ia 4500
008 240624s9999 xx 000 0 und d
041 _aeng
082 _a658.4034 CAR
100 _aCARDOSO JORGE
245 _aBUSINESS PROCESS MODELING
260 _c2009
_aNw York
_bInformation Science Reference
300 _axxv, : 607 : p. : cm. ; 28
365 _c
_b25
999 _c23278
_d23278